Normal view
MARC view
Entry Topical Term
001 - CONTROL NUMBER
- control field: 7886
003 - CONTROL NUMBER IDENTIFIER
- control field: ARRUPE
005 - DATE AND TIME OF LATEST TRANSACTION
- control field: 20140204165555.0
008 - FIXED-LENGTH DATA ELEMENTS
- fixed length control field: 140204|| aca||aabn | a|a d
040 ## - CATALOGING SOURCE
- Original cataloging agency: ARRUPE
- Transcribing agency: ARRUPE
150 ## - HEADING--TOPICAL TERM
- Topical term or geographic name as entry element: Deadly sins.
670 ## - SOURCE DATA FOUND
- Source citation: Work cat.: (ARRUPE)0: Capps, Donald. 7885, Deadly sins and saving virtues /, c1987.